000 00392nam a2200145Ia 4500
008 231129s2007||||xx |||||||||||||| ||spa||
020 _a978-958-04-9866-7
040 _bspa
082 _aBr869.3 F676m
100 _aFonseca Rubem
245 0 _aMandrake La Biblia y el bastón
260 _c2007
264 _aBogotá Colombia : Norma
942 _2ddc
_cBKS
999 _c20272
_d20272